Half-Life 2 Chapters - Statistics

General Stats
  • This quiz has been taken 235 times
  • The average score is 10 of 14
Answer Stats
Hint Answer % Correct
Chapter 6: We Don't Go To Ravenholm
89%
Chapter 5: Black Mesa East
84%
Chapter 2: A Red Letter Day
83%
Chapter 7: Highway 17
83%
Chapter 9: (a) Nova Prospekt
83%
Chapter 3: Route Kanal
76%
Chapter 8: Sandtraps
76%
Chapter 11: Follow Freeman
71%
Chapter 1: Point Insertion
71%
Chapter 4: Water Hazard
71%
Chapter 10: Anticitizen One
66%
Chapter 13: Dark Energy
61%
Chapter 12: Our Benefactors
54%
Chapter 9: (b) Entanglement
53%
No matching quizzes found
Score Distribution
Percent of People with Each Score
Percentile by Number Answered
Your Score History
You have not taken this quiz